zpět

Detail výsledku týmu

Pizza-Doma ST, Plzeň

Datum a čas kvízu

19.5 Celkem bodů Celkový počet nahraných bodů na tomto kvízu bez doplňovacích otázek.
7. Pořadí na kvízu Konečné umístění týmu na tomto kvízu.

Zaznamenané odpovědi

# Otázka Odpověď Body Výsledky
1. Od pátku do neděle probíhal v... hodinka 0
2. Papež František v pondělí učin... jmenoval ženu do církevního úřadu 1
3. 62letá americká herečka se po... Demi Moore 1
4. V úterý jsme se dozvěděli, že... XXXLutz 1
5. Loňský (a celkově čtyřnásobný)... Carlos Sainz 0
6. Toto téma jste si odhlasovali... D 0
7. Jistý uznávaný český básník je... Svatební košile; Jaroslav Vrchlický 0
8. Zákaz účasti osobám mladším 18... B, D, A, C 0
9. Přiřaďte (poměrně cudné) fotog... 1B 2D 3C 4A 0
10. V roce 2009 vydala jedna poměr... Rammstein 0